Core Java : (Record no. 216222)

MARC details
000 -LEADER
fixed length control field 00834nam a22002297a 4500
005 - DATE AND TIME OF LATEST TRANSACTION
control field 20260515154017.0
010 ## - LCCN (DPL NO)
LC control number ENG-148508-09
020 ## - INTERNATIONAL STANDARD BOOK NUMBER
International Standard Book Number 9789371361453
Terms of availability 1175.00 (VOL.1)
020 ## - INTERNATIONAL STANDARD BOOK NUMBER
International Standard Book Number 9789371365642
Terms of availability 1290.00 (VOL.2)
035 ## - SYSTEM CONTROL NUMBER
System control number EN-132040-41
037 ## - SOURCE OF ACQUISITION
Source of stock number/acquisition DBAD
082 ## - DEWEY DECIMAL CLASSIFICATION NUMBER
Classification number 005.71262
Edition number Fourteenth
100 ## - MAIN ENTRY--PERSONAL NAME
Personal name Horstmann, Cay S.
245 ## - TITLE STATEMENT
Title Core Java :
Remainder of title Volume ll: Advanced Features /
Statement of responsibility, etc Cay S. Horstmann
250 ## - EDITION STATEMENT
Edition statement 14th
260 ## - PUBLICATION, DISTRIBUTION, ETC. (IMPRINT)
Place of publication, distribution, etc Noida, Uttar Pradesh
Name of publisher, distributor, etc Pearson India Education Services Pvt. Ltd
Date of publication, distribution, etc 2026
270 ## - ADDRESS
Address 1st Floor, Berger Tower, Plot No. C-001A/2, Sector 16B,
City Noida, Uttar Pradesh
Postal code 201301
Electronic mail address companysecretary.india@pearson.com
300 ## - PHYSICAL DESCRIPTION
Extent 653p. (vol. 1)
Dimensions 24cm(pb)
300 ## - PHYSICAL DESCRIPTION
Extent 888p. (vol. 2)
Dimensions 24cm(pb)
490 ## - SERIES STATEMENT
Volume number/sequential designation Set of 2 Volumes
942 ## - ADDED ENTRY ELEMENTS (KOHA)
Source of classification or shelving scheme Dewey Decimal Classification
Item type English Books
Classification part 005.71262
Call number suffix HOR
Holdings
Withdrawn status Lost status Materials specified (bound volume or other part) Not for loan Collection code Home library Current library Date acquired Source of acquisition Cost, normal purchase price Full call number Barcode Copy number Cost, replacement price Koha item type
    VOL-2   Non-fiction Tri Nagar Tri Nagar 15/05/2026 DBAD 1290.00 005.71262 HOR EN-132041 1 1290.00 English Books
    VOL-1   Non-fiction Tri Nagar Tri Nagar 15/05/2026 DBAD 1175.00 005.71262 HOR EN-132040 1 1175.00 English Books

© Delhi Public Library
Hit Counter
free hit counter